000 01414cas a2200421 a 4500
001 data
005 20260322212118.0
008 data
035 _a15222295
906 _a7
_bcbc
_cserials
_d3
_encip
_f20
_gn-oclcserc
925 0 _aAcquire
_b1 shelf copy
_xpolicy default
955 _eda55 2008-03-17; to BCCD
010 _a 2008200064
035 _a(OCoLC)212911874
040 _aPUL
_beng
_cDLC
_dOCLCO
_dOCLCQ
_dOCLCF
_dOCLCO
_dOCLCQ
_dOCLCO
041 0 _aeng
_aeng
_bger
042 _alccopycat
050 0 0 _aB6
_b.P52
130 0 _aPhilosophica (Olomouc, Czech Republic)
245 1 0 _aPhilosophica.
260 _aOlomouc :
_bVyd. Univerzity Palackého,
_c1993-
300 _avolumes ;
_c23-25 cm.
310 _aIrregular
336 _atext
_btxt
_2rdacontent
337 _aunmediated
_bn
_2rdamedia
338 _avolume
_bnc
_2rdacarrier
362 0 _a1-
490 0 _aActa Universitatis Palackianae Olomucensis. Facultas Philosophica. Philosophica--aesthetica,
_x1212-1207
546 _aChiefly in Czech; some articles in English; summaries in English or German.
588 _aLatest issue consulted: 6 (2005).
650 0 _aPhilosophy.
650 2 _aPhilosophy
650 6 _aPhilosophie.
650 7 _aphilosophy.
_2aat
650 7 _aPhilosophy.
_2fast
_0(OCoLC)fst01060777
710 2 _aUniverzita Palackého v Olomouci.
_bFilozofická fakulta.
999 _c1789
_d1789